00318 2200145 4500001002100000005001500021035002000036245004400056100000900100300001200109260001700121082000800138084001400146990001200160INLIS00000000000200620250527083910 a0010-05250002981 aAbadilah Cinta (Long Lion 1001) /cDewi0 aDewi a232 hlm bOriza,c2005 a813 a813 DEW a a0712668